000 00308nam a2200133Ia 4500
005 20260328104247.0
008 260328s9999||||xx |||||||||||||| ||und||
100 _aDalí, Salvador
245 0 _aCarta Abierta /
_cSalvador Dalí
260 _bEmecé
300 _a136 p.
650 _aHISTORIA
942 _cBK
999 _c10132
_d10132